Вып. 22; Исследования по теории пластин и оболочек

Dades bibliogràfiques
Parent link:Исследования по теории пластин и оболочек: сборник статей/ Казанский государственный университет (КГУ) ; под ред. К. З. Галимова. Вып. 22.— , 1962-1992
Idioma:rus
Publicat: 1990
Matèries:
Format: Llibre
KOHA link:https://koha.lib.tpu.ru/cgi-bin/koha/opac-detail.pl?biblionumber=200101

MARC

LEADER 00000nam2a2200000 4500
001 200101
005 20231031184540.0
035 |a (RuTPU)RU\TPU\book\218162 
090 |a 200101 
100 |a 20110901d1990 k y0rusy50 ca 
101 0 |a rus 
102 |a RU 
105 |a a z 001zy 
200 0 |a Вып. 22 
210 |d 1990 
215 |a 139 с.  |c ил. 
320 |a Библиогр. в конце ст. 
461 1 |0 (RuTPU)RU\TPU\book\219298  |t Исследования по теории пластин и оболочек  |o сборник статей  |f Казанский государственный университет (КГУ) ; под ред. К. З. Галимова  |v Вып. 22  |d 1962-1992 
606 1 |a Оболочки  |x Расчет  |2 stltpush  |3 (RuTPU)RU\TPU\subj\46491 
610 1 |a пластины 
610 1 |a упругость 
610 1 |a исследования 
610 1 |a прочность 
610 1 |a устойчивость 
610 1 |a колебания 
610 1 |a исследования 
675 |a 539.3  |v 3 
801 1 |a RU  |b 63413507  |c 20110901 
801 2 |a RU  |b 63413507  |c 20160707  |g RCR 
942 |c BK